000 00332nam a2200121Ia 4500
003 GCL
008 140319s9999 xx 000 0 ara d
040 _aGCL /
_cGCL
082 0 4 _a070.172
_bس ك
245 1 0 _aكشكول الصحافة
260 _a[S.N] :
_bالهيئة المصرية العامة للكتاب ،
_c1992
490 _a
999 _c30082
_d30082